Strength Of Materials (Record no. 61054)

MARC details
000 -LEADER
fixed length control field 00447nam a2200181Ia 4500
005 - DATE AND TIME OF LATEST TRANSACTION
control field 20230525130713.0
008 - FIXED-LENGTH DATA ELEMENTS--GENERAL INFORMATION
fixed length control field 230525b |||||||| |||| 00| 0 eng d
020 ## - INTERNATIONAL STANDARD BOOK NUMBER
ISBN 978-93-5014-166-3
082 04 - DEWEY DECIMAL CLASSIFICATION NUMBER
Classification number 620.112
Item number SIN
100 1# - MAIN ENTRY--AUTHOR NAME
Personal name Surendra Singh
245 10 - TITLE STATEMENT
Title Strength Of Materials
260 ## - PUBLICATION, DISTRIBUTION, ETC. (IMPRINT)
Place of publication New Delhi
Name of publisher Katson
Year of publication 2011
300 ## - PHYSICAL DESCRIPTION
Number of Pages 854p.
650 #0 - SUBJECT ADDED ENTRY--TOPICAL TERM
Topical Term Mechanics
942 ## - ADDED ENTRY ELEMENTS (KOHA)
Koha item type Books
Holdings
Lost status Damaged status Permanent Location Current Location Shelving location Date acquired Full call number Accession Number Koha item type
    Central Library, Trident Academy of Technology Central Library, Trident Academy of Technology General Stacks 05/25/2023 620.112 SIN 53895 Books
Trident Academy of Technology © 2023.
All rights reserved.                                                                                                                                                                                                        Designed by Team of Central Library .

Powered by Koha